| 000 | 00978cam a2200265 i 4500 | ||
|---|---|---|---|
| 005 | 20160210204748.0 | ||
| 008 | 960104s1996 dcuab b 001 0 eng | ||
| 020 | _a1559634251 (cloth : acidfree paper) | ||
| 020 | _a155963426X (paper : acidfree paper) | ||
| 040 |
_aDLC _cDLC _dDLC _dCO-BoIAVH |
||
| 041 | _aeng | ||
| 043 | _aw------ | ||
| 082 | 0 | 4 |
_a333.7516 _bF71f |
| 245 | 0 | 0 |
_aForest patches in tropical landscapes / _cedited by John Schelhas and Russell Greenberg. |
| 260 |
_aWashington, D.C. : _bIsland Press, _cc1996. |
||
| 300 |
_axxxvi, 426 páginas : _bilustraciones y mapas ; _c24 cm. |
||
| 504 | _aIncluye referencias bibliográficas e índice. | ||
| 650 | 1 | 4 | _aConservación de bosques |
| 650 | 2 | 4 | _aEcología forestal |
| 650 | 2 | 4 | _aAdministración de bosques forestales |
| 650 | 2 | 4 |
_aBosques _xAspectos ambientales |
| 700 | 1 |
_aSchelhas, John, _eeditor. |
|
| 700 | 1 |
_aGreenberg, Russell, _eeditor. |
|
| 942 |
_2ddc _cLIBRO |
||
| 999 |
_c545 _d545 |
||